000
00287nam a2200109Ia 4500
008
200302s9999 xx 000 0 und d
100
_a
Anthony Di Mari and Others
245
_a
Operative design a catalogue of spatial verbs
260
_b
BIS Publishers
260
_c
2017
300
_a
150
999
_c
7103
_d
7103